000 00485nmm a2200157Ia 4500
008 251105s9999||||xx |||||||||||||||||und||
020 _a9786287534261
041 _aspa
100 _aPineda Ortíz, Paula Nathalia, Motta Camacho, Natalia
245 0 _aMelancolía
264 _a[Bogotá, Colombia] :
_bPolitécnico Grancolombiano,
_c2021
300 _a36 páginas
650 _aTeen & Young Adult Fiction
856 _uhttps://public.digitaliapublishing.com/a/130862
942 _cCF
999 _c76064
_d76064